| 000 | 00510nam a22001697a 4500 | ||
|---|---|---|---|
| 008 | 151103b xxu||||| |||| 00| 0 eng d | ||
| 020 | _a9780470920480 | ||
| 041 | 0 | _aeng | |
| 080 | _a658.15 | ||
| 245 | 1 | 0 |
_aManagerial accounting: _cJerry J. Weygandt; Paul D. Kimmel; Donald E. Kieso; |
| 250 | _a5th. ed. | ||
| 260 |
_aUSA: _bJohn Wiley & Sons, Inc. _c2011. |
||
| 300 |
_a697 f.: _bme il.; _c24 cm. |
||
| 650 | 0 | _aKontabilitet | |
| 650 | 0 | _aMenaxherial | |
| 942 |
_2udc _cBK |
||
| 999 |
_c1350 _d1350 |
||